000 00402nam a22001337a 4500
020 _a978-81-87671-13-8
082 _a823
_bCAN/C
100 _aJACK CANFIELD, MARK VICTOR HANSEN, PATTY AUBERY, NANCY MITCHELL, R.N
245 _aCHICKEN SOUP FOR THE SURVIVING SOUL
260 _aINDIA
_bWESTLAND LTD
_c2000
300 _a359
650 _aHEALING STORIES OF COURAGE AND INSPIRATION
_zUNITED STATES
942 _cBK
999 _c30
_d30